01132 2200325 4500001002100000005001500021035002000036007000300056008004100059040002200100082001200122084001400134100003500148245017800183250003700361300004700398650002700445700003000472700002600502700003600528850001200564041001300576504002500589264003100614336002100645337003000666338002300696546006700719990002000786INLIS00000000086418320210826015651 a0010-0821000882ta210826s2011 jkia g ind d aYOPDYOGbinderda04223a155 a155 HUR p1 aHurlock, Elizabeth B.epenulis10aPsikologi perkembangan :bsuatu pendekatan sepanjang rentang kehidupan /cpenulis, Elizabeth B. Hurlock; penerjemah, Istiwidayanti, Soedjarwo; penyunting, Ridwan Max Sijabat aEdisi kelima, Cetakan enam: 2011 axii, 447 halaman :btabel, gambar ;c24 cm 4aPsikologi perkembangan0 aIstiwidayantiepenerjemah0 aSoedjarwoepenerjemah3 aSijabat, Ridwan Maxepenyunting aYOPDYOG1 aindheng aTerdapat bibliografi31aJakarta :bErlangga,c2011 2rdacontentateks 2rdamediaatanpa perantara 2rdacarrieravolume aTeks dalam bahasa Indonesia, diterjemahkan dari bahasa Inggris a67849-PD/A.2021